000 00343nam a2200145Ia 4500
008 230711s9999||||xx |||||||||||||| ||und||
041 _aENG
082 _a624
_bBE-F
100 _aBelgrave,Anne
245 0 _aHow to make felt
250 _a1st . Ed.
260 _c1995
_aBumpkin
_bSearch Press
650 _aMechanical Engineering
942 _cBK
999 _c3509
_d3509